Missing Word: Christopher Lloyd Quiz Stats

 Plays Quiz Updated Oct 25, 2014

Challenge
Share
Tweet
Embed
Score 0/12 Timer 03:00
0 Plays Today
Movie Missing Word % Correct
_____ to the FutureBack
99%
Who Framed _____ RabbitRoger
97.9%
_____ and the BeanstalkJack
97.1%
Dennis the _____Menace
95.3%
_____ in the OutfieldAngels
82.9%
Star Trek III: The _____ for SpockSearch
82.4%
_____ of the WildCall
80%
Eight Men _____Out
78.4%
The _____ FamilyAddams
75%
*The _____ of Despereaux*Tale
63.7%
Wish You Were _____Dead
40.9%
Love, Wedding, _____Marriage
20.5%

Today's Daily Dose

Missing Word
TV CA - CZ

Quick Pick
Vowels

On This Day
July 23rd II

You're not logged in!

Compare scores with friends on all Sporcle quizzes.
Join for Free
OR
Log In

You Might Also Like...

Show Comments

Extras

Top Quizzes Today


Score Distribution

Your Account Isn't Verified!

In order to create a playlist on Sporcle, you need to verify the email address you used during registration. Go to your Sporcle Settings to finish the process.

Report this User

Report this user for behavior that violates our Community Guidelines.

Details: